000 00671nam a22002292 4500
001 33836
003 BD-RjUL
005 20211209052051.0
008 140511s1962 xx 001 0 eng d
035 _a(BD-RjUL)33928
040 _aGSU
_cGSU
_dEQO
_dBD-RjUL
_beng
041 _aeng
082 _a901
_bSAC 1962
090 _aCB19
_b.S32 1962
100 1 _aSanyal, Batuk Sasadhar,
_d1920-
_9102195
245 1 0 _aCulture :
_ban introduction /
_cB. S. Sanyal.
260 _aLondon :
_bAsia Pub. House,
_c1962.
300 _axiii, 314 p. ;
_c23 cm.
504 _aIncludes bibliographical references and index.
650 0 _aCivilization
_xPhilosophy.
_93440
942 _2ddc
_cBK
999 _c33836
_d33836